000 00305 a2200109 4500
001 ART_30504
005 20260410162003.0
008 260409a
245 1 0 _aLa arrogancia del racionalismo
100 1 _aBallesteros, Jorge
773 0 _tForo polĂ­tico
_g- Vol. XX (ago. 1997)
_wREV30389
999 _c31476
_d31476